000 00211 a2200097 4500
001 27748
100 _aBeveridge, A
245 _aBaburnama Vol I
260 _a
_bSange-e-Meel Publisher
_c
090 _c18535
_d18535
942 _aNUST-CAE
_cM
_c9486
999 _c262821
_d262821